000 00633cam a22002293a 4500
001 32563
003 PGUSA
005 20140828083715.0
008 100528s2010||||xxu|||||s|||||000 1 eng d
040 _aPGUSA
_beng
042 _adc
050 4 _aPS
100 1 _aWilliams, Robert Moore,
_d1907-1977
245 1 4 _aThe Lost Warship
_h[electronic resource] /
_cRobert Moore Williams
260 _bProject Gutenberg,
_c2010
506 _aPublic domain in the USA.
516 _aElectronic text
653 _aScience fiction
830 0 _aProject Gutenberg
_v32563
856 4 0 _uhttp://www.gutenberg.org/ebooks/32563
942 _cEB
999 _c261818
_d261818